| 000 | 01249cac a22003371u 4500 | ||
|---|---|---|---|
| 003 | EG-ScBUE | ||
| 005 | 20220315141246.0 | ||
| 008 | 081130s2001 enk f 000 1 eng d | ||
| 020 | _a9780099282792 | ||
| 020 | _a0099282798 | ||
| 040 |
_aEG-ScBUE _beng _erda _cEG-ScBUE _dEG-ScBUE |
||
| 082 | 0 | 4 |
_a895.635 _bMIS _222 |
| 100 | 1 |
_aMishima, Yukio, _d1925-1970, _eauthor. _91363 |
|
| 245 | 1 | 4 |
_aThe temple of dawn / _cYukio Mishima ; translated from the Japanese by E. Dale Saunders and Cecilia Segawa Seigle. |
| 264 | 1 |
_aLondon : _bVintage, _c2001. |
|
| 300 |
_a330 pages ; _c22 cm. |
||
| 336 |
_2rdacontent _atext _btxt |
||
| 337 |
_2rdamedia _aunmediated _bn |
||
| 338 |
_2rdacarrier _avolume _bnc |
||
| 490 | 0 | _aVintage classics | |
| 546 | _aText in English ; translated from the original Japanese. | ||
| 650 | 7 |
_aJapanese _xTravel _zIndia _xFiction. _2BUEsh _941822 |
|
| 650 | 7 |
_aLawyers _zJapan _xFiction. _2BUEsh |
|
| 651 | 7 |
_aJapan _xFiction. _2BUEsh |
|
| 653 |
_bHHUUEENN _cMarch2022 |
||
| 655 |
_vReading book _934232 |
||
| 700 | 1 |
_aSaunders, E. Dale _q(Ernest Dale), _d1919-1995, _etranslator. _933695 |
|
| 700 | 1 |
_aSeigle, Cecilia Segawa, _d1931- _etranslator. |
|
| 942 |
_cBB _2ddc |
||
| 999 |
_c9564 _d9564 |
||